Franchises With No Bad Films - Statistics

General Stats
  • This quiz has been taken 123 times
  • The average score is 13 of 15
Answer Stats
Hint Years Stars # Franchise % Correct
Tom Felton, Wizarding World, Voldemort 2001-2012 Daniel Radcliffe and Emma Watson 8 Harry Potter
100%
Time-Travel, DeLorean, 1955 1985-1989 Michael J. Fox and Christopher Lloyd 3 Back to the Future
99%
Webs, Gwen Stacy, MJ 2002-Present Tobey McGuire, Andrew Garfield, Tom Holland, Zendaya and Kirsten Dunst 8 Spider-Man
99%
Endgame, Ultron, Whedon 2012-2019 Chris Evans, Robert Downey Jr., Chris Hemsworth and Scarlett Johansson 4 Avengers
97%
One Ring to Rule Them All, Gollum, Isengard 2001-2003 Elijah Wood, Sean Astin, Andy Serkis and Ian McKellen 3 Lord of the Rings
97%
Ethan Hunt, Spies, Fallout 1996-Present Tom Cruise 6 Mission Impossible
97%
Magical, Snow Queen, Olaf 2013-2019 Idina Menzel and Kristen Bell 2 Frozen
96%
Prequel, Gandalf, Tolkein 2012-2014 Martin Freeman 3 The Hobbit
93%
Minions, Dru, Julie Andrews 2010-Present Steve Carell and Kristen Wiig 4 Despicable Me
92%
Elton John, Rafiki, Warthog 1994-2019 James Earl Jones, Donald Glover, Matthew Broderick and Nathan Lane 4 The Lion King
91%
Russo Brothers, USA, SHIELD 2011-2016 Chris Evans, Hayley Atwell, Sebastian Stan and Anthony Mackie 3 Captain America
87%
Musical, Disney, 1992 1992-2019 Will Smith, Robin Williams, Scott Weinger, Mena Messoud and Linda Larkin 4 Aladdin
83%
Singing, New Years Eve, Summer 2006-2008 Zac Efron, Vanessa Hudgens and Ashley Tisdale 3 High School Musical
80%
Africa, Zebra, Europe 2006-2012 Ben Stiller 3 Madagascar
74%
Game Over, Time, Jessica Alba 2001-2011 Alexa Vega 4 Spy Kids
31%
No matching quizzes found
Score Distribution
Percent of People with Each Score
Percentile by Number Answered
Your Score History
You have not taken this quiz